Catalogue de Tableaux Anciens et Modernes, Aquarelles et Dessins et Objets d´Art formant la célèbre collection de M. E. Secrétan. (Record no. 5775)
[ view plain ]
| 000 -CABECERA | |
|---|---|
| campo de control de longitud fija | 00879nam a2200253 a 4500 |
| 001 - NÚMERO DE CONTROL | |
| campo de control | BRCA_6088 |
| 005 - FECHA Y HORA DE LA ÚLTIMA TRANSACCIÓN | |
| campo de control | 20190320205330.0 |
| 008 - DATOS DE LONGITUD FIJA--INFORMACIÓN GENERAL | |
| campo de control de longitud fija | 130611s1889----fr-a######---#000-0#fre-# |
| 041 ## - CÓDIGO DE LENGUA | |
| Código de lengua del texto/banda sonora o título independiente | fre |
| 044 ## - CÓDIGO DEL PAÍS DE LA ENTIDAD EDITORA/PRODUCTORA | |
| Código MARC del país | fr |
| 050 #4 - SIGNATURA TOPOGRÁFICA DE LA BIBLIOTECA DEL CONGRESO | |
| Número de clasificación | N5260 |
| Número de documento/Ítem | .C38 1889 |
| 245 10 - MENCIÓN DE TÍTULO | |
| Título | Catalogue de Tableaux Anciens et Modernes, Aquarelles et Dessins et Objets d´Art formant la célèbre collection de M. E. Secrétan. |
| 260 ## - PUBLICACIÓN, DISTRIBUCIÓN, ETC. | |
| Lugar de publicación, distribución, etc. | París |
| Nombre del editor, distribuidor, etc. | Boussod, Valadon et Cie |
| Fecha de publicación, distribución, etc. | 1889 |
| 300 ## - DESCRIPCIÓN FÍSICA | |
| Extensión | 2 v. |
| Otras características físicas | il., láminas |
| Dimensiones | 41 cm. |
| 500 ## - NOTA GENERAL | |
| Nota general | Catálogo de subasta inventariado por Banco de México como libro |
| 500 ## - NOTA GENERAL | |
| Nota general | CA10 |
| 600 14 - PUNTO DE ACCESO ADICIONAL DE MATERIA--NOMBRE DE PERSONA | |
| Nombre de persona | Secrétan, M. E. |
| Subdivisión de forma | Catálogos |
| Subdivisión general | Colecciones privadas |
| 9 (RLIN) | 15398 |
| 650 14 - PUNTO DE ACCESO ADICIONAL DE MATERIA--TÉRMINO DE MATERIA | |
| Término de materia o nombre geográfico como elemento de entrada | Arte |
| Subdivisión de forma | Venta |
| 9 (RLIN) | 15257 |
| 650 14 - PUNTO DE ACCESO ADICIONAL DE MATERIA--TÉRMINO DE MATERIA | |
| Término de materia o nombre geográfico como elemento de entrada | Arte |
| Subdivisión de forma | Catálogos |
| Subdivisión general | Precios |
| 9 (RLIN) | 12934 |
| 700 1# - PUNTO DE ACCESO ADICIONAL--NOMBRE DE PERSONA | |
| Nombre de persona | Wolff, Albert |
| Fechas asociadas al nombre | 1835-1891 |
| 9 (RLIN) | 15399 |
| 710 2# - PUNTO DE ACCESO ADICIONAL--NOMBRE DE ENTIDAD CORPORATIVA | |
| Nombre de entidad corporativa o nombre de jurisdicción como elemento de entrada | Galerie Charles Sedelmeyer |
| 9 (RLIN) | 15400 |
| 902 ## - CATALOGADOR | |
| Iniciales | GFM |
| 942 ## - ELEMENTOS DE PUNTO DE ACCESO ADICIONAL (KOHA) | |
| Fuente del sistema de clasificación o colocación | Library of Congress Classification |
| Tipo de ítem Koha | Libros |
| Estado de retiro | Estado de pérdida | Estado dañado | No para préstamo | Localización permanente | Ubicación/localización actual | Fecha de adquisición | Número de inventario | Total de préstamos | Signatura topográfica completa | Código de barras | Fecha visto por última vez | Precio válido a partir de | Tipo de ítem Koha |
|---|---|---|---|---|---|---|---|---|---|---|---|---|---|
| El ejemplar forma parte de la colección y puede ser consultado según las políticas vigentes. | Biblioteca del Museo Franz Mayer (Rogerio Casas-Alatriste) | Biblioteca del Museo Franz Mayer (Rogerio Casas-Alatriste) | 13/06/2011 | CA10 | N5260 .C38 1889 (CA10) | 6527 | 22/03/2019 | 22/03/2019 | Libros |